=LDR 00000nam 2200000 4500 =001 INLIS000000000025466 =005 20200716020807 =035 ##$$a 0010-061300000025466 =008 200716################g##########0#ind## =041 ##$$a Ind =082 ##$$a 2X4.3 =090 ##$$a 2X4, Buk h =100 ##$$a Bukhori M =245 1#$$a Hubungan seks menurut islam /$c M. Bukhori =260 ##$$a Jakarta :$b Bumi Aksara,$c 1994 =300 ##$$a vii, 100 hlm, ; $c 20 x 14 cm. =650 #4$$a Seks menurut islam =850 ##$$a NBPNMAT =020 ##$$a 979-526-207-6 =084 ##$$a 2X4.3 BUK h =990 ##$$a 20405319 =990 ##$$a 20405318 =990 ##$$a 20405320